The Masked Singer Celebrities - Statistics

General Stats
  • This quiz has been taken 982 times
    52 since last reset
  • The average score is 81 of 241
Answer Stats
Season Costume Celebrity % Correct
1 Monster T-Pain
73%
Panel Judge (1-) Jenny McCarthy
64%
Panel Judge (1-) Ken Jeong
64%
5 Bulldog Nick Cannon
64%
Panel Host (1-) Nick Cannon
64%
4 Crocodile Nick Carter
64%
Panel Judge (11-) Rita Ora
64%
5 Crab Bobby Brown
55%
3 Frog Bow Wow
55%
12 Buffalos Boyz II Men
55%
2 Rottweiler Chris Daughtry
55%
9 Gnome Dick Van Dyke
55%
1 Peacock Donny Osmond
55%
12 Ice King Drake Bell
55%
1 Rabbit Joey Fatone
55%
5 Black Swan JoJo
55%
3 T-Rex JoJo Siwa
55%
4 Sun LeAnn Rimes
55%
3 Robot Lil Wayne
55%
12 Wasp Mario
55%
2 Butterfly Michelle Williams
55%
Panel Judge (1-10) Nicole Scherzinger
55%
3 White Tiger Rob Gronkowski
55%
Panel Judge (1-) Robin Thicke
55%
3 Elephant Tony Hawk
55%
2 Fox Wayne Brady
55%
4 Lips Wendy Williams
55%
9 Axolotl Alexa Bliss
45%
10 Rubber Ducky Anthony Anderson
45%
1 Hippo Antonio Brown
45%
8 Mummies Barry Williams
45%
3 Banana Bret Michaels
45%
5 Phoenix Caitlyn Jenner
45%
11 Ugly Sweater Charlie Wilson
45%
5 Raccoon Danny Trejo
45%
9 Macaw David Archuleta
45%
14 Googly Eyes David Ortiz
45%
3 Mouse Dionne Warwick
45%
3 Llama Drew Carey
45%
14 Stingray Evan Ross
45%
1 Bee Gladys Knight
45%
13 Pearl Gretchen Wilson
45%
5 Russian Dolls Hanson
45%
6 Beach Ball Honey Boo Boo
45%
9 Rock Lobster Howie Mandel
45%
3 Astronaut Hunter Hayes
45%
6 Queen of Hearts Jewel
45%
2 Ladybug Kelly Osbourne
45%
5 Snail Kermit the Frog
45%
11 Book Kevin Hart
45%
8 Milkshake Le'Veon Bell
45%
5 Grandpa Monster Logan Paul
45%
10 Sea Queen Macy Gray
45%
1 Poodle Margaret Cho
45%
9 Lamp Melissa Joan Hart
45%
9 Wolf Michael Bolton
45%
10 Cow Ne-Yo
45%
5 Piglet Nick Lachey
45%
2 Flower Patti LaBelle
45%
9 California Roll Pentatonix
45%
2 Black Widow Raven-Symoné
45%
6 Hamster Rob Schneider
45%
2 Leopard Seal
45%
6 Bull Todrick Hall
45%
3 Taco Tom Bergeron
45%
1 Pineapple Tommy Chong
45%
4 Seahorse Tori Kelly
45%
6 Dalmatian Tyga
45%
2 Ice Cream Tyler "Ninja" Blevins
45%
2 Thingamajig Victor Oladipo
45%
8 Harp Amber Riley
36%
10 S'More Ashley Parker Angel
36%
3 Swan Bella Thorne
36%
14 Owl Billy Ray Cyrus
36%
9 Medusa Bishop Briggs
36%
4 Squiggly Monster Bob Saget
36%
4 Giraffe Brian Austin Green
36%
4 Dragon Busta Rhymes
36%
13 Honey Pot Cedric the Entertainer
36%
3 Miss Monster Chaka Khan
36%
7 Prince Cheyenne Jackson
36%
4 Jellyfish Chloe Kim
36%
4 Snow Owls Clint Black
36%
11 Seal Corey Feldman
36%
8 Fortune Teller Daymond John
36%
9 Night Owl Debbie Gibson
36%
9 Doll Dee Snider
36%
6 Octopus Dwight Howard
36%
6 Skunk Faith Evans
36%
13 Space Ranger Flavor Flav
36%
10 Husky Ginuwine
36%
9 Polar Bear Grandmaster Flash
36%
3 Kitty Jackie Evancho
36%
13 Griffin James Van Der Beek
36%
8 Beetle Jerry Springer
36%
3 Turtle Jesse McCartney
36%
8 Walrus Joey Lawrence
36%
6 Jester Johnny Rotten
36%
10 Donut John Schneider
36%
3 Night Angel Kandi Burruss
36%
9 Gargoyle Keenan Allen
36%
10 Candelabra Keyshia Cole
36%
12 Goo Kobie Turner
36%
6 Baby Larry the Cable Guy
36%
1 Alien La Toya Jackson
36%
4 Snow Owls Lisa Hartman Black
36%
6 Beach Ball Mama June
36%
13 Paparazzo Matthew Lawrence
36%
10 Cuddle Monster Metta World Peace
36%
4 Gremlin Mickey Rourke
36%
6 Pepper Natasha Bedingfield
36%
9 UFO Olivia Culpo
36%
5 Yeti Omarion
36%
7 Hydra Penn & Teller
36%
1 Raven Ricki Lake
36%
1 Lion Rumer Willis
36%
6 Cupcake Ruth Pointer
36%
9 Mustang Sara Evans
36%
3 Bear Sarah Palin
36%
11 Gumball Scott Porter
36%
5 Seashell Tamera Mowry-Housley
36%
14 Scarab Taraji P. Henson
36%
4 Popcorn Taylor Dayne
36%
7 Firefly Teyana Taylor
36%
14 Le Who Who Tiffany Haddish
36%
14 Le Who Who Tiffany Haddish
36%
10 Diver Tom Sandoval
36%
1 Unicorn Tori Spelling
36%
5 Robopine Tyrese Gibson
36%
11 Goldfish Vanessa Hudgens
36%
6 Mother Nature Vivica A. Fox
36%
8 Lambs Wilson Phillips
36%
5 Chameleon Wiz Khalifa
36%
12 Showbird Yvette Nicole Brown
36%
2 Flamingo Adrienne Bailon
27%
9 Dandelion Alicia Witt
27%
4 Mushroom Aloe Blacc
27%
2 Tree Ana Gasteyer
27%
13 Boogie Woogie Andy Grammer
27%
3 Rhino Barry Zito
27%
10 Royal Hen Billie Jean King
27%
6 Caterpillar Bobby Berk
27%
12 Sherlock Hound Bronson Arroyo
27%
8 Hummingbird Chris Kirkpatrick
27%
8 Mummies Christopher Knight
27%
11 Beets Clay Aiken
27%
6 Banana Split David Foster
27%
11 Koala DeMarcus Ware
27%
2 Eagle Dr. Drew Pinsky
27%
7 McTerrier Duff Goldman
27%
13 Nessy Edwin McCain
27%
7 Queen Cobras En Vogue
27%
8 Gopher George Clinton
27%
8 Venus Fly Trap George Foreman
27%
7 Ringmaster Hayley Orrantia
27%
9 Fairy Holly Robinson Peete
27%
8 Pi-Rat Jeff Dunham
27%
12 Leaf Sheep John Elway
27%
2 Egg Johnny Weir
27%
10 Anteater John Oates
27%
7 Thingamabob Jordan Mailata
27%
3 Kangaroo Jordyn Woods
27%
6 Banana Split Katharine McPhee
27%
7 Baby Mammoth Kirstie Alley
27%
2 Panda Laila Ali
27%
12 Chess Piece Laverne Cox
27%
9 Jackalope Lele Pons
27%
4 Whatchamacallit Lonzo Ball
27%
9 Mantis Lou Diamond Phillips
27%
5 Orca Mark McGrath
27%
4 Baby Alien Mark Sanchez
27%
12 Woodpecker Marsai Martin
27%
13 Coral Meg Donnelly
27%
13 Stud Muffin Method Man
27%
10 Pickle Michael Rapaport
27%
8 Panther Montell Jordan
27%
12 Bluebell Natalie Imbruglia
27%
8 Snowstorm Nikki Glaser
27%
13 Fuzzy Peas Oscar De La Hoya
27%
12 Ship Paula Cole
27%
4 Broccoli Paul Anka
27%
14 Pangolin Rachel Platten
27%
8 Sir Bug a Boo Ray Parker Jr.
27%
11 Beets Ruben Studdard
27%
7 Jack in the Box Rudy Giuliani
27%
10 Tiki Sebastian Bach
27%
7 Space Bunny Shaggy
27%
14 Calla Lily Teddi Mellencamp
27%
1 Deer Terry Bradshaw
27%
11 Clock Thelma Houston
27%
14 Handyman Tone Loc
27%
6 Pufferfish Toni Braxton
27%
6 Mallard Willie Robertson
27%
14 High Voltage Alexi Lalas
18%
12 Dust Bunny Andy Richter
18%
13 Ant Aubrey O'Day
18%
12 Macaron Bethany Hamilton
18%
11 Sir Lion Billy Bush
18%
13 Cherry Blossom Candace Cameron Bure
18%
7 Lemur Christie Brinkley
18%
7 Armadillo Duane Chapman
18%
9 Moose George Wendt
18%
8 Mermaid Gloria Gaynor
18%
14 14 Karat Carrot Greg Mathis
18%
11 Miss Cleocatra Jenifer Lewis
18%
11 Spaghetti & Meatballs Joe Bastianich
18%
7 Ram Joe Buck
18%
7 Cyclops Jorge Garcia
18%
14 Croissants Julie Chrisley
18%
11 Starfish Kate Flannery
18%
8 Robo Girl Kat Graham
18%
14 Cat Witch Kylie Cantrall
18%
8 Scarecrow Linda Blair
18%
10 Hibiscus Luann de Lesseps
18%
9 Squirrel Malin Akerman
18%
2 Skeleton Paul Shaffer
18%
11 Afghan Hound Savannah Chrisley
18%
13 Bat Scheana Shay
18%
2 Penguin Sherri Shepherd
18%
11 Lizard Sisqó
18%
14 Croissants Todd Chrisley
18%
10 Hawk Tyler Posey
18%
8 Knight William Shatner
18%
8 Avocado Adam Carolla
9%
12 Strawberry Shortcake AJ Michalka
9%
13 Mad Scientist Monster Brian Kelley
9%
8 Bride Chris Jericho
9%
9 Scorpio Christine Quinn
9%
14 Queen Corgi Claudia Oshry
9%
11 Lovebird Colton Underwood
9%
4 Serpent Dr. Elvis Francois
9%
8 Hedgehog Eric Idle
9%
13 Yorkie Erika Jayne
9%
14 Snow Cone Heidi Montag
9%
14 Eggplant Jack Wagner
9%
10 Gazelle Janel Parrish
9%
7 Miss Teddy Jennifer Holliday
9%
8 Maize Mario Cantone
9%
11 Poodle Moth Chrissy Metz
0%
12 Royal Knight Jana Kramer
0%
8 Mummies Mike Lookinland
0%
No matching quizzes found
Score Distribution
Percent of People with Each Score
Percentile by Number Answered
Your Score History
You have not taken this quiz since the last reset